000 00657nam a2200169 4500
999 _c13850
_d13850
020 _a9786218098213
082 _aFil. 899.211 E9373b 2022
100 _aEvasco, Eugene Y.
245 _aAng bahay na maraming klasrum =
_bThe house of many classrooms /
_cstory by Eugene Y. Evasco ; illustrated by Danielle Florendo
260 _aQuezon City
_bJohnny and Hansel Publications
_cc2022
300 _a29 pages :
_bchiefly color illustrations ;
_c25 x 17.5 cm
526 _a800-899
650 _aEarly childhood education -- Parent participation
650 _aChildren's stories, Tagalog
650 _aChildren's stories, Philippine (English)
942 _2ddc
_cBK